Capitales más Septentrionales A-Z - Estadísticas

Estadísticas generales
  • Esta prueba ha sido intentada 10 veces
  • La puntuación promedio es 19 de 25
Estadísticas de respuestas
Hint Latitud Respuesta % Correcto
E ~ 59° N Estocolmo
100%
H ~ 60° N Helsinki
100%
M ~ 56° N Moscú
100%
O ~ 60° N Oslo
100%
R ~ 64° N Reikiavik
100%
U ~ 47° N Ulán Bator
100%
W ~ 39° N Washington D.C.
100%
A ~ 52° N Ámsterdam
88%
B ~ 52° N Berlín
88%
L ~ 51° N Londres
88%
T ~ 59° N Tallin
88%
V ~ 54° N Vilna
88%
Z ~ 45° N Zagreb
88%
D ~ 53° N Dublín
75%
K ~ 50° N Kiev
75%
P ~ 50° N Praga
75%
Q ~ 0.2° S Quito
75%
C ~ 47° N Chișinău
63%
I ~ 33° N Islamabad
63%
J ~ 32° N Jerusalén
63%
F ~ 8° N Freetown
50%
G ~ 7° N Georgetown
38%
S ~ 43° N San Marino
38%
N ~ 35° N Nicosia
25%
Y ~ 12° N Yamena
25%
No se encontraron pruebas coincidentes
Distribución de puntuación
Porcentaje de gente con cada puntuación
Porcentaje por número respondido
Historial de tus puntuaciones
No has intentado esta prueba.